| 000 | 00404nam a2200169Ia 4500 | ||
|---|---|---|---|
| 008 | 230524s9999 xx 000 0 und d | ||
| 020 | _a9789339203719 | ||
| 082 |
_a303.483 _bARC |
||
| 100 | _aSoli J. Arceivala | ||
| 245 | 0 | _aGreen Technologies | |
| 250 | _a1 | ||
| 260 |
_aChennai _bMGH _c2019 |
||
| 300 | _a"xiv,258p;" | ||
| 500 | _aQuantity Number: 240 | ||
| 650 | _aEnvironmental | ||
| 942 | _cBK | ||
| 999 |
_c60211 _d60211 |
||